[Event "Police Gniota Memorial 27th"]
[Site "Police"]
[Date "2012.07.15"]
[Round "5"]
[White "Kurpiewski, Slawomir"]
[Black "Lanica, Lukasz"]
[Result "1-0"]
[WhiteElo "2168"]
[BlackElo "1675"]
[PlyCount "75"]
[EventDate "2012.07.11"]
[EventType "swiss"]
[EventRounds "9"]
[EventCountry "POL"]
[SourceTitle "CBM 149 Extra"]
[Source "ChessBase"]
[SourceDate "2012.08.24"]
[SourceVersion "1"]
[SourceVersionDate "2012.08.24"]
[SourceQuality "1"]

1. d4 Nf6 2. c4 e5 3. dxe5 Ng4 4. Nf3 Bc5 5. e3 Nc6 6. Qd5 Qe7 7. a3 a5 8. Nc3 Ngxe5 9. Ne4 Ba7 10. Bd2 a4 11. Bc3 d6 12. Nxe5 Nxe5 13. c5 Bb8 14. cxd6 cxd6 15. Bb5+ Kf8 16. Bb4 Be6 17. Qd4 Ng6 18. Nxd6 Kg8 19. Nf5 Qxb4+ 20. axb4 Bxf5 21. Qd8+ Nf8 22. Rxa4 Rxa4 23. Bxa4 Be5 24. Qd5 Bxb2 25. Qxf5 Bc3+ 26. Ke2 g6 27. Qe4 Ne6 28. Bb3 Nd8 29. Rd1 Kg7 30. Rd7 Rf8 31. Qd5 Bf6 32. f4 h6 33. g4 g5 34. f5 Kg8 35. e4 Nc6 36. Rxf7 Nd8 37. Rxf6+ Kg7 38. Rxf8 1-0

[Event "Police Gniota Memorial 27th"]
[Site "Police"]
[Date "2012.07.14"]
[Round "4"]
[White "Oleniak, Wlodzimierz"]
[Black "Kurpiewski, Slawomir"]
[Result "1-0"]
[WhiteElo "1863"]
[BlackElo "2168"]
[PlyCount "71"]
[EventDate "2012.07.11"]
[EventType "swiss"]
[EventRounds "9"]
[EventCountry "POL"]
[SourceTitle "CBM 149 Extra"]
[Source "ChessBase"]
[SourceDate "2012.08.24"]
[SourceVersion "1"]
[SourceVersionDate "2012.08.24"]
[SourceQuality "1"]

1. d4 Nf6 2. c4 e6 3. Nc3 Bb4 4. Bd2 0-0 5. Qc2 d5 6. e3 c5 7. dxc5 dxc4 8. Bxc4 Bxc5 9. Nf3 a6 10. Ne4 Be7 11. Bd3 h6 12. Rd1 Nd5 13. a3 Nc6 14. 0-0 Qe8 15. Nc3 Nb6 16. Ne4 Nd7 17. Bc3 f5 18. Ng3 Bf6 19. Bc4 Nde5 20. Nxe5 Nxe5 21. Ba2 Kh8 22. Ne2 Bd7 23. Rd6 Nf7 24. Rb6 Nd8 25. Rd6 Nf7 26. Rb6 Rb8 27. Bxf6 gxf6 28. Nf4 Nd8 29. Rd1 Bc6 30. Rd6 Rc8 31. Qd1 e5 32. Nh5 Qg6 33. Bd5 Ba4 34. b3 Be8 35. Nxf6 Bf7 36. Nd7 1-0

[Event "Police Gniota Memorial 27th"]
[Site "Police"]
[Date "2012.07.12"]
[Round "2"]
[White "Kurpiewski, Slawomir"]
[Black "Kuciel, Wladyslaw"]
[Result "0-1"]
[WhiteElo "2168"]
[BlackElo "2002"]
[PlyCount "92"]
[EventDate "2012.07.11"]
[EventType "swiss"]
[EventRounds "9"]
[EventCountry "POL"]
[SourceTitle "CBM 149 Extra"]
[Source "ChessBase"]
[SourceDate "2012.08.24"]
[SourceVersion "1"]
[SourceVersionDate "2012.08.24"]
[SourceQuality "1"]

1. d4 Nf6 2. Bg5 c5 3. d5 e6 4. dxe6 fxe6 5. Nd2 d5 6. e3 Nc6 7. Ngf3 Bd6 8. e4 0-0 9. Bb5 Qa5 10. Bxc6 Nxe4 11. 0-0 Nxg5 12. Nxg5 bxc6 13. Nc4 Qc7 14. Nxd6 Qxd6 15. Qd3 g6 16. Qh3 Qe7 17. Qh4 e5 18. Rfe1 Qg7 19. Qg3 Rf5 20. Nh3 Rb8 21. b3 Rb4 22. c3 Rb7 23. f4 e4 24. Qe3 Qf8 25. g3 Rf6 26. Kg2 Bf5 27. Ng1 Rd7 28. Rad1 Rd8 29. h3 h5 30. Rd2 Rf7 31. h4 Rfd7 32. Red1 Bg4 33. Rf1 Qe7 34. Re1 Be6 35. Kf2 Bf5 36. Nf3 Qg7 37. Ne5 d4 38. cxd4 cxd4 39. Qe2 e3+ 40. Kg1 exd2 41. Qxd2 Rd6 42. Rc1 d3 43. Rc5 Qe7 44. Kf2 Re6 45. b4 Qd6 46. a3 Qd4+ 0-1

[Event "Mazowiec-chT 1112"]
[Site "Poland"]
[Date "2012.02.26"]
[Round "9.13"]
[White "Choroszej, Aleksander"]
[Black "Kurpiewski, Slawomir"]
[Result "0-1"]
[WhiteElo "2070"]
[BlackElo "2164"]
[PlyCount "74"]
[EventDate "2012.01.08"]
[EventType "team-tourn"]
[EventRounds "10"]
[EventCountry "POL"]
[SourceTitle "EXT 2019"]
[Source "ChessBase"]
[SourceDate "2018.10.10"]
[SourceVersion "1"]
[SourceVersionDate "2018.10.10"]
[SourceQuality "1"]

1. d4 d5 2. c4 e6 3. Nf3 c6 4. Nc3 Nf6 5. e3 Nbd7 6. Qc2 Bd6 7. g4 0-0 8. g5 Nh5 9. Bd2 f5 10. 0-0-0 b6 11. Qb3 Bb7 12. Be2 g6 13. h4 Rb8 14. Rdg1 Qe7 15. Rh3 a5 16. Ne1 Ng7 17. h5 dxc4 18. Bxc4 a4 19. Qd1 b5 20. Be2 a3 21. b3 Nb6 22. hxg6 hxg6 23. Rh6 b4 24. Na4 Nxa4 25. bxa4 c5 26. Kb1 Bd5 27. Bb5 c4 28. Rxg6 Rxb5 29. axb5 f4 30. f3 fxe3 31. Bxe3 Qb7 32. Rf6 Be7 33. Rxf8+ Bxf8 34. Bf4 Qxb5 35. Be5 b3 36. Ka1 Bb4 37. Bxg7 Bc3+ 0-1

[Event "Mazowiec-chT 1112"]
[Site "Poland"]
[Date "2012.01.29"]
[Round "3.24"]
[White "Zaczek, Jonathon"]
[Black "Kurpiewski, Slawomir"]
[Result "0-1"]
[WhiteElo "2126"]
[BlackElo "2164"]
[PlyCount "54"]
[EventDate "2012.01.08"]
[EventType "team-tourn"]
[EventRounds "10"]
[EventCountry "POL"]
[SourceTitle "EXT 2019"]
[Source "ChessBase"]
[SourceDate "2018.10.10"]
[SourceVersion "1"]
[SourceVersionDate "2018.10.10"]
[SourceQuality "1"]

1. e4 e5 2. Nf3 Nc6 3. Bb5 a6 4. Ba4 Nf6 5. 0-0 Be7 6. Re1 b5 7. Bb3 0-0 8. a4 Bb7 9. d3 d6 10. Nbd2 Nd7 11. c3 Nc5 12. Bc2 Qd7 13. Nf1 Rfd8 14. Ne3 Bf8 15. Bd2 Ne7 16. b4 Nxa4 17. Bb3 h6 18. h3 Ng6 19. Ng4 Kh8 20. Nfh2 Nf4 21. Qf3 f5 22. Ne3 Nxd3 23. Nxf5 Nxe1 24. Rxe1 d5 25. Qg3 dxe4 26. Bxh6 Qxf5 27. Bg5 Rd3 0-1

[Event "Mazowiec-chT 1112"]
[Site "Poland"]
[Date "2012.01.08"]
[Round "2.7"]
[White "Paterek, Michal"]
[Black "Kurpiewski, Slawomir"]
[Result "1-0"]
[WhiteElo "2257"]
[BlackElo "2164"]
[PlyCount "92"]
[EventDate "2012.01.08"]
[EventType "team-tourn"]
[EventRounds "10"]
[EventCountry "POL"]
[SourceTitle "EXT 2019"]
[Source "ChessBase"]
[SourceDate "2018.10.10"]
[SourceVersion "1"]
[SourceVersionDate "2018.10.10"]
[SourceQuality "1"]

1. d4 Nf6 2. c4 g6 3. Nc3 Bg7 4. e4 0-0 5. Nf3 d6 6. Be2 e5 7. Be3 Ng4 8. Bg5 f6 9. Bh4 Nc6 10. d5 Ne7 11. h3 Nh6 12. Rc1 c5 13. dxc6 bxc6 14. 0-0 Be6 15. b4 Nf7 16. a4 Rb8 17. b5 Qa5 18. Nd2 Qc7 19. Nd5 Bxd5 20. cxd5 c5 21. Nc4 g5 22. Bg3 f5 23. f3 Kh8 24. exf5 Nxf5 25. Bf2 Nd4 26. Bd3 Bf6 27. Bb1 Rg8 28. Re1 Rg7 29. Bxd4 exd4 30. Re6 Be5 31. Qc2 Bg3 32. Qe4 Be5 33. Qf5 Rbg8 34. Re1 Qb7 35. Be4 g4 36. f4 gxh3 37. fxe5 Ng5 38. Nxd6 Nxe4 39. Nxe4 Qxd5 40. Qf6 Qa2 41. Nf2 Qd5 42. Re4 Qc4 43. Rg4 h5 44. Qh6+ Rh7 45. Rxg8+ Kxg8 46. Qg6+ Kf8 1-0

[Event "EU-ch rapid"]
[Site "Warsaw"]
[Date "2011.12.17"]
[Round "2"]
[White "Polgar, Judit"]
[Black "Kurpiewski, Slawomir"]
[Result "1-0"]
[WhiteElo "2710"]
[BlackElo "2164"]
[PlyCount "63"]
[EventDate "2011.12.17"]
[EventType "swiss (rapid)"]
[EventRounds "13"]
[EventCountry "POL"]
[SourceTitle "CBM 145 Extra"]
[Source "ChessBase"]
[SourceDate "2012.01.03"]
[SourceVersion "1"]
[SourceVersionDate "2012.01.03"]
[SourceQuality "1"]

1. d4 Nf6 2. c4 g6 3. Nc3 Bg7 4. e4 d6 5. Nf3 0-0 6. Be2 e5 7. 0-0 Nc6 8. d5 Ne7 9. b4 Kh8 10. a4 Nfg8 11. c5 f5 12. Nd2 Bh6 13. Nc4 Bxc1 14. Rxc1 fxe4 15. cxd6 cxd6 16. Nxe4 Nf5 17. Bg4 Nd4 18. Bxc8 Rxc8 19. Nexd6 Rxc4 20. Nxc4 Qxd5 21. Re1 Re8 22. Ne3 Qd7 23. Nc2 Rd8 24. Rxe5 Qc7 25. Rc5 Qf4 26. Nxd4 Rxd4 27. Qe1 Rxb4 28. Rc8 Re4 29. Qc3+ Qe5 30. f3 Qxc3 31. R1xc3 Re7 32. R3c7 1-0